<?xml version="1.0" encoding="UTF-8"?>
<record
    xmlns:xsi="http://www.w3.org/2001/XMLSchema-instance"
    xsi:schemaLocation="http://www.loc.gov/MARC21/slim http://www.loc.gov/standards/marcxml/schema/MARC21slim.xsd"
    xmlns="http://www.loc.gov/MARC21/slim">

  <leader>01504cab a2200289Ia 45 0</leader>
  <controlfield tag="001">u185126</controlfield>
  <controlfield tag="003">SIRSI</controlfield>
  <controlfield tag="008">100920s2009    ua     ss b   0     eng d</controlfield>
  <datafield tag="040" ind1=" " ind2=" ">
    <subfield code="a">EAL</subfield>
  </datafield>
  <datafield tag="041" ind1=" " ind2=" ">
    <subfield code="a">engara</subfield>
  </datafield>
  <datafield tag="090" ind1=" " ind2=" ">
    <subfield code="a">ART MUJAS V34 No7 82</subfield>
  </datafield>
  <datafield tag="100" ind1="1" ind2=" ">
    <subfield code="a">Ebaid, M.T.</subfield>
  </datafield>
  <datafield tag="240" ind1="1" ind2="0">
    <subfield code="a">Mansoura university journal of agricultural sciences, 2009 v. 34 (7)</subfield>
    <subfield code="h">[electronic resource].</subfield>
  </datafield>
  <datafield tag="245" ind1="1" ind2="0">
    <subfield code="a">Effect of pre-cooling process on the cold storage and quality of some aromatic plants</subfield>
    <subfield code="h">[electronic resource].</subfield>
  </datafield>
  <datafield tag="246" ind1="1" ind2="5">
    <subfield code="a">&#x62A;&#x623;&#x62B;&#x64A;&#x631; &#x639;&#x645;&#x644;&#x64A;&#x629; &#x627;&#x644;&#x62A;&#x628;&#x631;&#x64A;&#x62F; &#x627;&#x644;&#x645;&#x628;&#x62F;&#x626;&#x649; &#x639;&#x644;&#x649; &#x627;&#x644;&#x62A;&#x62E;&#x632;&#x64A;&#x646; &#x627;&#x644;&#x645;&#x628;&#x631;&#x62F; &#x648;&#x62C;&#x648;&#x62F;&#x629; &#x628;&#x639;&#x636; &#x627;&#x644;&#x646;&#x628;&#x627;&#x62A;&#x627;&#x62A; &#x627;&#x644;&#x639;&#x637;&#x631;&#x64A;&#x629;.&#x202A;</subfield>
  </datafield>
  <datafield tag="300" ind1=" " ind2=" ">
    <subfield code="a">p.8559-8571.</subfield>
  </datafield>
  <datafield tag="504" ind1=" " ind2=" ">
    <subfield code="a">Includes reference.</subfield>
  </datafield>
  <datafield tag="520" ind1=" " ind2=" ">
    <subfield code="a">the aim of this investigation was to study the effect of pre-cooling process on safe storage period, fresh weight loss, chlorophyll a and b, respiration rate and volatile oil percentage and its components for rosemary (rosmarinus officinalis l.) and marjoram (origanum majorana l.) herbs stored in refrigeration units at cooling temperatures of 0, 3 and 6 &#xB0;c and 98 % relative humidity.</subfield>
  </datafield>
  <datafield tag="546" ind1=" " ind2=" ">
    <subfield code="a">Summary in Arabic.</subfield>
  </datafield>
  <datafield tag="650" ind1=" " ind2="0">
    <subfield code="a">Aromatic plants</subfield>
    <subfield code="x">Storage</subfield>
  </datafield>
  <datafield tag="650" ind1=" " ind2="0">
    <subfield code="a">Cold storage.</subfield>
  </datafield>
  <datafield tag="700" ind1="1" ind2=" ">
    <subfield code="a">Abd EI-Rahman ,Magda M.</subfield>
  </datafield>
  <datafield tag="700" ind1="1" ind2=" ">
    <subfield code="a">Ahmed ,A.A.</subfield>
  </datafield>
  <datafield tag="773" ind1="0" ind2=" ">
    <subfield code="t">Mansoura University Journal of Agricultural Sciences. </subfield>
    <subfield code="g">2009.v.34(7)</subfield>
    <subfield code="x">1110-0346</subfield>
    <subfield code="7">nnas</subfield>
    <subfield code="w">u182197</subfield>
  </datafield>
  <datafield tag="856" ind1="4" ind2="0">
    <subfield code="u">http://nile.enal.sci.eg/EALE/2009/MUJAS/3409/7/8559.pdf</subfield>
    <subfield code="z">Full Text Article</subfield>
  </datafield>
  <datafield tag="596" ind1=" " ind2=" ">
    <subfield code="a">1</subfield>
  </datafield>
  <datafield tag="942" ind1=" " ind2=" ">
    <subfield code="c">AR</subfield>
    <subfield code="2">lcc</subfield>
  </datafield>
  <datafield tag="999" ind1=" " ind2=" ">
    <subfield code="c">40532</subfield>
    <subfield code="d">40532</subfield>
  </datafield>
</record>
